• 首页
  • 本馆介绍
  • 公告通知
  • 最新文献
  • 馆藏检索
  • 电子资源
  • 读者导购
  • 参考咨询
  • 我的图书馆
  • 登录
  • 详细信息显示
  • 放入我的书架
  • 预约/预借图书
  • 作者相关作品
  • 分类相关作品
  • 丛书相关作品
  • 出版社相关作品

书目信息

  • 表格格式
  • 工作单格式
  • 卡片格式
题名:
历史唯物主义范畴
    
 
作者: 德里亚赫洛夫 编 ;安超民 译
分册:  
出版信息: 北京   北京师范大学出版社  1984
页数: 294页
开本: 21cm
丛书名:
单 册:
中图分类: B03
科图分类:
主题词: 历史唯物主义
电子资源:
ISBN:
000 00719nam0 2200241 45
001 0184010710
005 20051111110824.85
010    @dCNY1.25
091    @a2243.5
100    @a19950630d1984 em y0chiy0121 ea
101 1  @achi@crus
102    @aCN@b110000
105    @ay z 000yy
200 10 @a历史唯物主义范畴@Ali shi wei wu zhu yi fan chou@f(苏)Н·И·德里亚赫洛夫等编@F(Su)Н·И·De Li Ya He Luo Fu Deng Bian@g安起民等译
210    @a北京@c北京师范大学出版社@d1984
215    @a294页@d21cm
606    @a历史唯物主义
690    @aB03@v3
701  0 @a德里亚赫洛夫@4编
702  0 @a安超民@Aan chao min@4译
801  2 @aCN@bNLC@c20051111
801  0 @aCN@b上海图书馆@c20040508
905    @dB03@e13@b129362@f1
    
    历史唯物主义范畴/(苏)Н·И·德里亚赫洛夫等编/安起民等译.-北京:北京师范大学出版社,1984
    294页;21cm
    
    
    ISBN :CNY1.25
    
●
相关链接 在E读中查询图书 在五车中查询图书 在当当中查询图书 在豆瓣中查询图书


正题名:历史唯物主义范畴     索取号:B03/13         预约/预借

序号 登录号 条形码 馆藏地/架位号 状态 备注
1 0129360   202138034   密集书库/ [索取号:B03/13] 在馆    
2 0129361   001389170   第一借阅区/ [索取号:B03/13] 在馆    
3 0129362   001114261   第一样本阅览室/ [索取号:B03/13] 在馆    
唐山师范学院图书馆 欢迎您!
大连网信软件有限公司© 版权所有